00521nam a2200169 a 450000100060000000300090000600800410001502000150005604000280007108200170009910000200011624500820013626000320021830000100025065000510026065000400031115163CO-ViMGA141112s2004 ck r 000 u spa d a9589235174 aCO-ViMGAbspacCO-ViMGA04aCo860.4 P3711 aPeralta, Andres10aAnálisis literario de : bDel amor y otros demonios ;Gabriel Garcia Marquez aBogotá, cEsquilo, c2000 a69.p.14aANALISIS LITERARIO - DEL AMOR Y OTROS DEMONIOS14aGARCIA MARQUEZ, GABRIEL - BIOGRAFIA